Pokemon - regions - Statistics

General Stats
  • This quiz has been taken 27 times
  • The average score is 6 of 8
Answer Stats
Generation Region % Correct
Generation I Kanto
100%
Generation II Johto
92%
Generation VII Alola
80%
Generation III Hoenn
80%
Generation IV Sinnoh
80%
Generation V Unova
60%
Generation VIII Galar
56%
Generation VI Kalos
56%
No matching quizzes found
Score Distribution
Percent of People with Each Score
Percentile by Number Answered
Your Score History
You have not taken this quiz